• 首页
  • 本馆介绍
  • 公告通知
  • 最新文献
  • 馆藏检索
  • 电子资源
  • 读者导购
  • 参考咨询
  • 我的图书馆
  • 登录
  • 详细信息显示
  • 放入我的书架
  • 预约/预借图书
  • 作者相关作品
  • 分类相关作品
  • 丛书相关作品
  • 出版社相关作品

书目信息

  • 表格格式
  • 工作单格式
  • 卡片格式
题名:
有限单元法及程序设计
    
 
作者: 刘尔烈 编著
分册:  
出版信息: 天津   天津大学出版社  2004.01
页数: 298页
开本: 26cm
丛书名:
单 册:
中图分类: O241.82
科图分类:
主题词: 计算数学
电子资源:
ISBN: 7-5618-1856-4
000 00646nam0 2200217 450
001 0773101431
005 20071221201854.42
010    @a7-5618-1856-4@dCNY28.00
100    @a20071221d2004 km y0chiy0120 ea
101 0  @achi
102    @aCN@b120000
200 1  @a有限单元法及程序设计@Ayou xian dan yuan fa ji cheng xu she ji@f刘尔烈编著@Fliu er lie bian zhu
205    @a2版
210    @a天津@c天津大学出版社@d2004.01
215    @a298页@d26cm@e光盘1张
606 0  @a计算数学
690    @aO241.82@v4
701  0 @a刘尔烈@Aliu er lie@4编著
801  0 @aCN@b大连网信软件有限公司图书馆@c20071221
905    @aBZT@dO241.82@e1
906    @dCNY28.00@n0@r1
    
    有限单元法及程序设计/刘尔烈编著.-2版.-天津:天津大学出版社,2004.01
    298页;26cm+光盘1张
    
    
    ISBN 7-5618-1856-4:CNY28.00
    
●
相关链接 在五车中查询图书 在当当中查询图书 在豆瓣中查询图书


正题名:有限单元法及程序设计     索取号:O241.82/1         预约/预借

序号 登录号 条形码 馆藏地/架位号 状态 备注
1 603560   2000603560   中心书库北库/ 北库022架A面1列4层44/ [索取号:O241.82/1] 在馆    
2 603561   2000603561   中心书库北库/ 北库022架A面1列4层43/ [索取号:O241.82/1] 在馆    
3 603562   2000603562   中心书库北库/ 北库022架A面1列4层45/ [索取号:O241.82/1] 在馆    
4 603563   2000603563   中心书库北库/ 北库022架A面1列4层46/ [索取号:O241.82/1] 在馆    
5 603564   2000603564   中心书库北库/ 北库021架B面1列3层28/ [索取号:O241.82/1] 在馆    
6 603565   2000603565   中心书库北库/ 北库022架A面1列4层48/ [索取号:O241.82/1] 在馆    
7 603566   2000603566   中心书库北库/ 北库022架A面1列4层47/ [索取号:O241.82/1] 在馆    
8 603567   2000603567   中心书库北库/ 北库022架A面1列4层49/ [索取号:O241.82/1] 在馆    
9 603568   2000603568   中心书库北库/ 北库022架A面1列4层50/ [索取号:O241.82/1] 在馆    
10 603569   2000603569   中心书库北库/ 北库022架A面1列4层51/ [索取号:O241.82/1] 在馆    
山东省滨州职业学院图书馆 欢迎您!
大连网信软件有限公司© 版权所有